Hospodárske depresie a podpora rozvoja Slovenska z pohľadu názorov profesora Karvaša

Životopis profesora Imricha Karvaša. Niektoré zo stále aktuálnych myšlienok profesora Karvaša. Kríza a ekonomický cyklus.

Gespeichert in:
Bibliographische Detailangaben
1. Verfasser: Poláčková, Hana, 1968-
Format: Buchkapitel
Sprache:Slowakisch
Schlagworte:
Tags: Tag hinzufügen
Keine Tags, Fügen Sie das erste Tag hinzu!

MARC

LEADER 00000nla a2200000 4500
001 0182461
005 20240502073125.6
041 0 |a slo 
044 |a SK 
245 1 0 |a Hospodárske depresie a podpora rozvoja Slovenska z pohľadu názorov profesora Karvaša  |c Hana Poláčková 
520 |a Životopis profesora Imricha Karvaša. Niektoré zo stále aktuálnych myšlienok profesora Karvaša. Kríza a ekonomický cyklus. 
610 2 0 |a cykly hospodárske 
610 2 0 |a kríza hospodárska 
610 2 0 |a ekonómia 
610 2 0 |a história 
610 2 0 |a vývoj hospodársky 
610 2 0 |a osobnosť 
100 1 |a Poláčková, Hana, 1968-